000 00420cam a22001457a 4500
008 180718b2001 xxu||||| |||| 00| 0 eng d
020 _a1861971184
082 _aL053 B227
100 _aBannock, Graham
245 _aInternational dictonary of finance
_cby Graham Bannock and William Manser
260 _aLondon
_bProfile Books
_c2001
300 _a289p.
650 _aFinance - Dictionaries
700 _aManser, William
999 _c399375
_d399375